Normal view
MARC view
- Pérez Gómez, Juan
Entry Nombre Personal
001 - NUMERO DE CONTROL
- campo de control: 52817
003 - IDENTIFICADOR DE NUMERO DE CONTROL
- campo de control: MX-MxUPN
005 - FECHA Y HORA DE LA ÜLTIMA TRANSACCIÓN
- campo de control: 20240805101442.0
008 - DATOS DE LONGITUD FIJA
- campo de control de longitud fija: 240805|| aca||aabn | aaa d
040 ## - FUENTE DE CATALOGACIÓN
- Agencia original de catalogación: MX-MxUPN
- Lenguaje de catalogación: spa
- Agencia de transcripción: MX-MxUPN
100 1# - ENCABEZAMIENTO - NOMBRE PERSONAL
- Nombre personal: Pérez Gómez, Juan
670 ## - FUENTE EN LA QUE SE LOCALIZARON DATOS
- Cita de la fuente: "Principe" : autobiografía de un hermoso perro : lecturas amenas dedicadas a la niñez mexicana lecturas amenas dedicadas a la niñez mexicana, 1920:
- Información localizada: portada (Juan Pérez Gómez)
902 ## - CATALOGADOR
- Catalogador: Víctor Ruiz/050824
